| 000 | 01133nam a2200313 i 4500 | ||
|---|---|---|---|
| 001 | 000039676 | ||
| 003 | DO-SdBNP | ||
| 005 | 20250514133727.0 | ||
| 007 | ta | ||
| 008 | 130715s2008 dr ad 000 0 spa d | ||
| 020 | _a9789945449051 | ||
| 040 |
_aDO-SdBNP _bspa _cBNPHU _erda |
||
| 041 | _aspa | ||
| 082 | 4 |
_a649.3 _bV335r _222 |
|
| 100 | 1 |
_aVásquez Cabral, Matilde Josefina, _eautor _4aut. _965871 |
|
| 245 | 1 | 3 |
_aLa República Dominicana : _ben el camino hacia la erradicación de la desnutrición infantil / _cMatilde Josefina Vásquez Cabral. |
| 264 | 4 |
_aSanto Domingo : _bGuerrero & Vásquez Editores, _c©2008. |
|
| 300 |
_a352 páginas : _bilustraciones, gráficos ; _c24 cm. |
||
| 336 |
_atexto _btxt _2rdacontent |
||
| 337 |
_asin mediación _bn _2rdamedia |
||
| 338 |
_avolumen _bnc _0rdacarrier |
||
| 590 | _aInventariado, 2018/ YL | ||
| 650 | 4 |
_aDesnutrición infantil _933743 |
|
| 650 | 4 |
_aTrastornos nutricionales en niños _965872 |
|
| 650 | 4 |
_aServicios de salud infantil _965873 |
|
| 650 | 4 |
_aPolítica sanitaria _zRepública Dominicana _91344 |
|
| 910 | _aValidado. Control de calidad EMS | ||
| 942 |
_2ddc _cLBS1 |
||
| 999 |
_c39166 _d39166 |
||